000 00307nam a22001331a 4500
082 _aH3 PAR JAL
_b
100 _aParmar Ranjan
245 _aJalvanti/
_cby Parmar Ranjan
260 _aNew Delhi:
_bSatsahitya,
_c1998.
300 _a103p.
650 _aLiterature Hindi
650 _aLiterature
942 _cBK
999 _c21430
_d21430